000 01057cad a22002415a 4500
001 L150691
008 100817e2010 xxk 000 0 eng d
022 _a14653001
035 _a(Sirsi) u150691
041 0 _aeng
100 1 _aPower, Anne
245 0 0 _aHousing futures
_bour homes and communities, a report for the Federation of Master Builders
_h[electronic resource]
260 _aLondon
_bFMB
_c2010
520 _aLooks at the current situation of housing in the UK; future needs; training; environmental concerns; social cohesion; public spending cuts; economic change; supply and affordability; role of government; small and medium sized builders (SMEs).
590 _aKA NTK
651 4 _aUnited Kingdom
_y
690 _aPROPERTY-RESIDENTIAL PROPERTY-RESIDENTIAL PROPERTY MARKET
700 1 _aLane, Laura
710 _aLSE Housing and Communities
710 _aFederation of Master Builders
_9465
856 4 0 _uhttps://www.fmb.org.uk/EasySiteWeb/GatewayLink.aspx?alId=201469
_zView this item free of charge at www.fmb.org.uk
942 _n0
999 _c82608
_d82608